Rethinking the rural economy (Record no. 70942)

MARC details
000 -LEADER
fixed length control field 01045cam a2200229 4500
001 - CONTROL NUMBER
control field ABS65886
008 - FIXED-LENGTH DATA ELEMENTS--GENERAL INFORMATION
fixed length control field 020813n2002 000 0 eng u
035 ## - SYSTEM CONTROL NUMBER
System control number (Sirsi) u119320
100 ## - MAIN ENTRY--PERSONAL NAME
Personal name Loney, N
245 ## - TITLE STATEMENT
Title Rethinking the rural economy
260 ## - PUBLICATION, DISTRIBUTION, ETC.
Date of publication, distribution, etc. 2002
490 ## - SERIES STATEMENT
Series statement Regeneration and Renewal
Volume/sequential designation 19 July 2002, 16-17(2)
520 ## - SUMMARY, ETC.
Summary, etc. Discusses the European Union's proposals to redirect money from farming subsidies into rural regeneration. Britain supports the changes to CAP and its introduction of modulation is supported by RICS but there are concerns that CAP reforms will lead to a reduction in net farm income and farmers will turn to environmentally damaging practices. However other point out that farmers will still receive money but for protection of the environment and support of the local rural community.
590 ## - LOCAL NOTE (RLIN)
Local note ABS
650 ## - SUBJECT ADDED ENTRY--TOPICAL TERM
Topical term or geographic name entry element MODULATION
650 ## - SUBJECT ADDED ENTRY--TOPICAL TERM
Topical term or geographic name entry element CAP REFORM
650 ## - SUBJECT ADDED ENTRY--TOPICAL TERM
Topical term or geographic name entry element COMMON AGRICULTURAL POLICY
650 ## - SUBJECT ADDED ENTRY--TOPICAL TERM
Topical term or geographic name entry element FARM SUBSIDIES
650 ## - SUBJECT ADDED ENTRY--TOPICAL TERM
Topical term or geographic name entry element RURAL ECONOMIES
690 ## - LOCAL SUBJECT ADDED ENTRY--TOPICAL TERM (OCLC, RLIN)
Topical term or geographic name as entry element Rural
9 (RLIN) 6268
942 ## - ADDED ENTRY ELEMENTS (KOHA)
Suppress in OPAC 0
Holdings
Withdrawn status Lost status Source of classification or shelving scheme Damaged status Not for loan Home library Current library Shelving location Date acquired Total Checkouts Full call number Barcode Date last seen Copy number Price effective from Koha item type
    Dewey Decimal Classification     London London Journal article 13/08/2002   ABS65886 119320-1001 06/08/2019 1 06/08/2019 Journal article